LEADER 01155nam a2200253 i 4500 001 000000221337 003 CaOOAMICUS 005 20130703000000.0 008 130703s2010 it u000 u ita u 013 $a200234 020 $a978-88-8166-311-8 040 $aSeMil$bita 100 1 $aVacchelli, Gianni.$0(OLS)http://semarc/name/77353 245 10$aPer un'alleanza delle religioni :$bla Bibbia tra Panikkar e la radice ebraica /$cGianni Vacchelli. 260 $aSotto il Monte (BG) :$bServitium,$c2010. 300 $a157 p. ;$c21 cm. 650 4$aCosmologia - Religioni - Studio comparato.$0(OLS)http://semarc/subject/22057 650 4$aBibbia e religioni non cristiane.$0(OLS)http://semarc/subject/40664 850 $aSeMil 852 $aSeMil$W1$xVenegono$y1$m2R III 403$j171688$B171688$CSeMilBibl$Z2$F182438 $81 961 $aLascito: Martini Card. Carlo Maria 996 $6020$a978-88-8166-311-8$9(OLS)http://semarc/number/220302 996 $6245$aPer un'alleanza delle religioni :$bla Bibbia tra Panikkar e la radice ebraica$9(OLS)http://semarc/title/317275 996 $6260$aSotto il Monte (BG) :$bServitium$9(OLS)http://semarc/publisher/32220 LEADER 01105nam a2200241 i 4500 001 000000230998 003 CaOOAMICUS 005 20251223102028.0 008 140703s1974 it u000 u ger u 013 $a209901 020 $a3-491-77448-9 040 $aSeMil$bita 245 10$a4: Vollendung von Schöpfung und Erlösung /$cKarl Hermann Schelkle. 300 $a121 p. 490 0 $aKommentare und Beiträge zum Alten und Neuen Testament 650 4$aBibbia - NT - Comunitā cristiane.$0(OLS)http://semarc/subject/12652 773 0 $aSchelkle, Karl Hermann <1908-1988>$tTheologie des Neuen Testaments.$dDüsseldorf : Patmos, 1968-1973.$kKommentare und Beiträge zum Alten und Neuen Testament$g4$w()13706 830 0$aKommentare und Beiträge zum Alten und Neuen Testament.$0(OLS)http://semarc/title/29634 850 $aSeMil 852 $aSeMil$W1$xVenegono$y1$m2Z II 132$j181344$B181344$CSeMilBibl$Z2$F192212 $81 996 $6020$a3-491-77448-9$9(OLS)http://semarc/number/234072 996 $6245$a4: Vollendung von Schöpfung und Erlösung$9(OLS)http://semarc/title/329920